01177 2200205 4500001002100000005001500021035002000036008004100056245004100097100001800138250000600156260003800162300001200200084001400212082000800226650001000234520070300244990001200947990001200959INLIS00000000000096020240531075625 a0010-0524000195240531 1 ind 1 aDating A Perfect Guy /cMonica Petra aPetra, Monica a1 aYogyakarta :bSheila/ Andi,c2013 a178 hlm a813 MON d a813 4aFiksi aMasih ingat Looking for Laskar Cinta ? Yup, buku itu telah sukses membuat pembaca jatuh cinta pada sosok Laskar. Kisah tentang Laura dan Laskar yang berteman dan saling support. Laura yang sangat pesimis dan Laskar yang sangat ceria. Kini hadirlah seri lanjutannya. Dating with A Perfect Guy akan menghadirkan Laura dan kawan-kawan saat sudah semester akhir di bangku kuliah. Setelah kehilangan Laskar untuk selamanya, Laura bertemu Isaac, seorang putera mahkota yang memiliki banyak usaha. Awalnya hubungan Laura dan Isaac tidak akur. Mereka bagaikan anjing dan kucing. Laura merasa kesal dengan sikap Isaac yang suka semena-mena, sedangkan Isaac tidak suka dengan Laura yang sangat keras kepala. a0741674 a0741675